000 00527nam a2200217Ia 4500
003 0100
008 130303s9999 xx 000 0 und d
040 _cARRUPELIB
050 _aBJ1012.D4 1966
100 _aAiken, Henry David
245 _aEthics and society
245 _boriginal essays on contemporary moral problems
260 _aNew york
260 _bAnchor Books, Inc.
260 _C1966
300 _aviii
300 _b 217p. 19cm.
650 _aETHICS
700 _aBaier , Kurt et.al.
942 0 0 _01
999 _c38169
_d38169